| 000 | 01105cam a22003497a 4500 | ||
|---|---|---|---|
| 003 | CHAP | ||
| 005 | 20220329142650.0 | ||
| 008 | 020830d2000 es a r 00110 spa d | ||
| 010 | _a86209 | ||
| 011 | _a87181 | ||
| 020 | _a8431524081 | ||
| 035 | _a97723 | ||
| 040 | _cCHAP | ||
| 082 | 0 | 0 |
_a634.23 _bM3 |
| 100 | 0 | 0 |
_aMartija-Ochoa, Magali. _971637 |
| 245 | 1 | 0 |
_aGuía completa del cultivo de las cerezas _c/por Magali Martija-Ochoa |
| 260 |
_aBarcelona, Esp. : _bDe Vicchi, _c2000. |
||
| 300 |
_a93 p. : _bilus. |
||
| 590 |
_aBATCH-UPD _b10 _c20130110 _lUCH01 _h0346 |
||
| 590 |
_aBATCH-UPD _b10 _c20130110 _lUCH01 _h2145 |
||
| 590 |
_aBATCH-UPD _b10 _c20130410 _lUCH01 _h0020 |
||
| 590 |
_aBATCH-UPD _b10 _c20130914 _lUCH01 _h0916 |
||
| 590 |
_aCONVERSION _b10 _c20130109 _lUCH01 _h1348 |
||
| 650 | 1 | 4 |
_aCereza. _921492 |
| 650 | 1 | 4 |
_aCereza _xEnfermedades. _921493 |
| 650 | 1 | 4 |
_aCereza _xUtilización. _921500 |
| 650 | 1 | 4 |
_aCereza _xVariedades. _921501 |
| 901 | _aBK | ||
| 905 | _aMayto Villallobos S. | ||
| 942 | _cLIBRO | ||
| 949 |
_a634.23 M3 _bBC _cLIBRO _d33724000875878 _eLIBRO _h102659 _i97723 _si _t$119.00 |
||
| 999 |
_c86209 _d86209 |
||